Dingbats #8 - Statistics

General Stats
  • This quiz has been taken 109 times
  • The average score is 7 of 16
Answer Stats
Picture Answer % Correct
Half-baked
98%
Money laundering
65%
Square dance
62%
Double or nothing
58%
Tight fisted
56%
Arab Spring
53%
Faded glory
49%
Gap in the market
49%
The Wild West
45%
Nursery rhymes
41%
Safety in numbers
41%
Cut a long story short
38%
Dutch courage
34%
Backfire
26%
Reverse ferret
7%
Buck tooth
1%
No matching quizzes found
Score Distribution
Percent of People with Each Score
Percentile by Number Answered
Your Score History
You have not taken this quiz